Red Alert 2 units - Statistics

General Stats
  • This quiz has been taken 46 times
    39 since last reset
  • The average score is 54 of 73
Answer Stats
Answers % Correct
Prism Tank
100%
Tanya
100%
Attack Dog
96%
Attack Dog
96%
Conscript
96%
Engineer
96%
Engineer
96%
Engineer
96%
G.I. + Paratrooper
96%
Kirov Airship
96%
Destroyer
92%
Sniper (Great Brittain)
92%
Spy
92%
Aircraft Carrier
88%
Apocalypse Tank
88%
Dolphin
88%
Grizzly Battle Tank
88%
Mirage Tank
88%
Tesla Tank (Russia)
88%
Black Eagle (Korea)
84%
Chrono Legionnaire
84%
Crazy Ivan
84%
Rhino Heavy Tank
84%
Tesla Trooper
84%
Yuri Prime
84%
Chrono Miner
80%
Desolator (Iraq)
80%
Flak Trooper
80%
Giant Squid
80%
IFV
80%
Tank Destroyer (Germany)
80%
Boris + MiG's
76%
Dreadnought
76%
Navy SEAL
76%
Yuri Clone
76%
Aegis Cruiser
72%
Brute
72%
Gattling Tank
72%
Guardian G.I.
72%
Rocketeer
72%
Terror Drone
72%
Terrorist (Cuba)
72%
Virus
72%
War Miner
72%
Amphibious Transport
68%
Amphibious Transport
68%
Amphibious Transport
68%
Floating Disc
68%
Harrier
68%
MCV
68%
MCV
68%
MCV
68%
Sea Scorpion
68%
Demolition Truck (Libya)
64%
V3 Rocket Launcher
64%
Master Mind
60%
Slave
60%
Boomer Submarine
56%
Flak Track
56%
Magnetron
56%
Nighthawk
56%
Robot Tank
56%
Typhoon Attack Sub
56%
Battle Fortress
52%
Chrono Ivan
52%
Siege Chopper
52%
Slave Miner
52%
Chrono Commando
48%
Initiate
48%
Lasher Light Tank
48%
Chaos Drone
40%
Psi Commando
32%
Psi Commando
32%
No matching quizzes found
Score Distribution
Percent of People with Each Score
Percentile by Number Answered
Your Score History
You have not taken this quiz since the last reset